UBT Library

Contracts : (Record no. 41431)

000 -LEADER
fixed length control field 00767cam a2200241 a 4500
001 - CONTROL NUMBER
control field 13019720
005 - DATE AND TIME OF LATEST TRANSACTION
control field 20180201031805.0
008 - FIXED-LENGTH DATA ELEMENTS--GENERAL INFORMATION
fixed length control field 021204s2003 nju b 001 0 eng
010 ## - LIBRARY OF CONGRESS CONTROL NUMBER
LC control number 2002037106
020 ## - INTERNATIONAL STANDARD BOOK NUMBER
International Standard Book Number 0820557161
040 ## - CATALOGING SOURCE
Original cataloging agency DLC
Transcribing agency DLC
Modifying agency DLC
041 ## - LANGUAGE CODE
Language code of text/sound track or separate title eng
043 ## - GEOGRAPHIC AREA CODE
Geographic area code n-us---
080 ## - UNIVERSAL DECIMAL CLASSIFICATION NUMBER
Universal Decimal Classification number 346.7302 ste
082 00 - DEWEY DECIMAL CLASSIFICATION NUMBER
Classification number 346.7302 ste
Edition number 21
100 1# - Rafti
Rafti 15
101 ## - Shkurtesa
Shkurtesa law
245 10 - TITLE STATEMENT
Title Contracts :
Statement of responsibility, etc Stewart Macaulay, John Kidwell, William Whitford.
504 ## - BIBLIOGRAPHY, ETC. NOTE
Bibliography, etc Includes bibliographical references and index.
906 ## - LOCAL DATA ELEMENT F, LDF (RLIN)
a 7
b cbc
c orignew
d 1
e ocip
f 20
g y-gencatlg
942 ## - ADDED ENTRY ELEMENTS (KOHA)
Source of classification or shelving scheme
Item type Books
Holdings
Withdrawn status Lost status Source of classification or shelving scheme Damaged status Not for loan Collection code Permanent location Current location Shelving location Date acquired Total Checkouts Full call number Barcode Date last seen Price effective from Koha item type
          Koleksioni i përgjithshem UBT - Lipjan UBT - Lipjan Koleksioni i përgjithshem 02/01/2018   346.7302 ste 002-2997784 02/01/2018 02/01/2018 Books
UBT Library © 2015-2024. All rights reserved University Education for Business and Technology